banner-ar

THE LONGMAN HANDBOOK OF MODERN EUROPEAN HISTORY, 1763 - 1991, 2ND ED. / (Record no. 21326)

MARC details
000 -الفاتح
حقل البيانات ثابتة الطول 00478nam a2200169Ia 4500
008 - عناصر البيانات ثابتة الطول - معلومات عامة
حقل البيانات ثابتة الطول 140319s9999 xx 000 0 eng d
040 ## - مصدر الفهرسة
وكالة الفهرسة الأصلية GCL /
وكالة النسخ GCL
082 04 - رقم تصنيف ديوى العشرى
رقم التصنيف 940
رقم المادة C L
100 1# - المدخل الرئيسى - إسم شخصى
الإسم الشخصى COOK, CHRIS
245 10 - بيان العنوان
العنوان THE LONGMAN HANDBOOK OF MODERN EUROPEAN HISTORY, 1763 - 1991, 2ND ED. /
بيان المسئوليه,etc COOK, CHRIS
700 1# - المدخل الاضافى - اسم شخصى
الإسم الشخصى STEVENSOM,JOHN
260 ## - PUBLICATION, DISTRIBUTION, ETC. (IMPRINT)
تاريخ النشر أو التوزيع 1992
300 ## - الوصف المادى
التعداد 472 P
650 04 - المدخل الاضافى بالموضوع-مصطلح موضوعى
مصطلح موضوعي EUROPE - HISTORY
942 ## - عناصر المدخل الإضافي( كوها)
مصدر التصنيف او مخطط الترفيف Dewey Decimal Classification
Koha [default] item type كتاب
260 ## - PUBLICATION, DISTRIBUTION, ETC. (IMPRINT)
-- [S.N] :
-- LONGMAN GROUP UK LIMITED ،
Holdings
حالة التراجع حالة الفقد حالة تلف ليس للاعارة المكان المؤقت الموقع الحالى تاريخ الاكتساب اجمالي اﻻعارات رقم الطلب الباركود تاريخ اخر مشاهدة تاريخ تفعيل السعر نوع وعاء كوها
        مكتبة القاهرة الكبرى مكتبة القاهرة الكبرى 03/26/2014   940\C L 39470 03/26/2014 03/26/2014 كتاب

Powered By

EGPV